Zoek Het Geheime Stad Met Kleurenhints - Statistieken

Algemene statistieken
  • Deze quiz is 444 keer genomen
  • De gemiddelde score is 13 van 200
Antwoorden op de kaart
Antwoorden kleurgecodeerd door een groen-rode schaal op de quizkaart volgens % correct hieronder.
 
Antwoordstatistieken
Stad % Correct
Londen
71%
Parijs
67%
Berlijn
48%
Moskou
44%
Madrid
40%
New York
37%
Rome
35%
Peking
27%
Barcelona
20%
Tokio
19%
Rotterdam
17%
Istanbul
16%
Washington
14%
Ankara
13%
Athene
12%
Caïro
12%
Hamburg
12%
Rio de Janeiro
12%
Frankfurt
11%
Los Angeles
11%
Manchester
11%
Kiev
10%
Mexico-Stad
10%
Buenos Aires
9%
Cologne / Dusseldorf
9%
Kaapstad
9%
New Delhi
9%
Sydney
9%
Brasilia
8%
São Paulo
8%
Teheran
8%
Birmingham
7%
Jakarta
7%
Kinshasa
7%
Lagos
7%
Bangkok
6%
Bogota
6%
Dakar
6%
Dubai
6%
Hongkong
6%
Manilla
6%
Saint Petersburg
6%
Santiago
6%
Shanghai
6%
Abuja
5%
Algiers
5%
Bagdad
5%
Caracas
5%
Chicago
5%
Dhaka
5%
Johannesburg
5%
Lima
5%
Melbourne
5%
Miami
5%
Mumbai
5%
Nairobi
5%
Riyad
5%
San Francisco
5%
Seattle
5%
Singapore
5%
Vancouver
5%
Abidjan
4%
Accra
4%
Atlanta
4%
Boston
4%
Brisbane
4%
Cali
4%
Casablanca
4%
Dar es Salaam
4%
Guangzhou
4%
Hanoi
4%
Ibadan
4%
Izmir
4%
Karachi
4%
Khartoem
4%
Koeweit
4%
Kolkata
4%
Luanda
4%
Medellín
4%
Montreal
4%
Osaka
4%
Recife
4%
Sanaa
4%
San Diego
4%
Seoel
4%
Taipei
4%
The Ruhr
4%
Toronto
4%
Wuhan
4%
Xi'an
4%
Addis Abeba
3%
Ahmedabad
3%
Alexandria
3%
Amman
3%
Bamako
3%
Bandung
3%
Bangalore
3%
Belo Horizonte
3%
Bhilai
3%
Busan
3%
Campinas
3%
Cebu
3%
Changchun
3%
Changsha
3%
Changzhou
3%
Chengdu
3%
Chennai
3%
Chittagong
3%
Chongqing
3%
Cincinnati
3%
Cleveland
3%
Colombo
3%
Curitiba
3%
Daegu
3%
Dalian
3%
Dallas
3%
Damascus
3%
Denver
3%
Detroit
3%
Douala
3%
Durban
3%
Faisalabad
3%
Fortaleza
3%
Fukuoka
3%
Fuzhou
3%
Guadalajara
3%
Guatemala-Stad
3%
Guayaquil
3%
Guiyang
3%
Gujranwala
3%
Hangzhou
3%
Harbin
3%
Hefei
3%
Ho Chi Minh City
3%
Houston
3%
Huizhou
3%
Hyderabad
3%
Indore
3%
Isfahan
3%
Jaipur
3%
Jeddah
3%
Jinan
3%
Kabul
3%
Kampala
3%
Kano
3%
Kanpur
3%
Kaohsiung
3%
Kathmandu
3%
Kuala Lumpur
3%
Kumasi
3%
Kunming
3%
Lahore
3%
Lanzhou
3%
Lucknow
3%
Maputo
3%
Mashhad
3%
Medan
3%
Milan
3%
Minneapolis
3%
Monterrey
3%
Nagoya
3%
Nagpur
3%
Nanchang
3%
Nanjing
3%
Nanning
3%
Napels
3%
Ningbo
3%
Orlando
3%
Philadelphia
3%
Phoenix
3%
Port-au-Prince
3%
Porto Alegre
3%
Puebla
3%
Pune
3%
Pyongyang
3%
Qingdao
3%
Quito
3%
Rawalpindi
3%
Salvador
3%
Santo Domingo
3%
Shantou
3%
Shenyang
3%
Shijiazhuang
3%
Surabaya
3%
Surat
3%
Taiyuan
3%
Tampa
3%
Tangshan
3%
Tasjkent
3%
Tel Aviv
3%
Tianjin
3%
Ürümqi
3%
Wenzhou
3%
Wuxi
3%
Xiamen
3%
Xuzhou
3%
Yangon
3%
Yaoundé
3%
Zhengzhou
3%
Zibo
3%
Geen overeenkomende quizzen gevonden
Scoreverdeling
Procent van Mensen met Elke Score
Percentiel versus Aantal Correcte Antwoorden
Uw Scoregeschiedenis
U heeft deze quiz nog niet genomen